[Event "let's have"]
[Site "SchemingMind.com"]
[Date "2020.10.26"]
[Round "-"]
[White "cnile"]
[Black "ray winteringham"]
[Result "0-1"]
[WhiteCountry "SCO"]
[BlackCountry "ENG"]
[WhiteElo "1433"]
[WhiteRD "62"]
[BlackElo "1512"]
[BlackRD "49"]
[GameID "461387"]

1. e4 e5 2. f4 c6 3. Nf3 exf4 4. d4 Qc7 5. e5 Bb4+ 6. c3 Be7 7. Bxf4 d6 8. Nbd2 Bg4 9. Bd3 Nd7 10. exd6 Bxd6
11. O-O Bxf4 12. Qe2+ Ne7 13. Rae1 Bd6 14. Nc4 O-O-O 15. Nxd6+ Qxd6 16. Qxe7 Qxe7 17. Rxe7 Be6 18. Re1 Nf6 19. a3 Nd5 20. R7xe6 fxe6
21. Rxe6 g6 22. a4 Nf4 23. Re3 Rhe8 24. Ne5 Rxe5 25. Rxe5 Nxd3 26. Re2 Rd7 27. b4 Nf4 28. Re8+ Kc7 29. a5 a6 30. Re4 Nd5
31. c4 Nxb4 32. Kf2 Rf7+ 33. Kg3 Rd7 34. Kg4 Nd3 35. Kg3 Nb4 36. Kg4 Nc2 37. d5 Nb4 38. h4 Nd3 39. Kg5 Rd6 40. Re7+ Rd7
41. Kf6 Nf4 42. Rxd7+ Kxd7 43. g3 cxd5 44. cxd5 Nxd5+ 45. Kg7 b5 46. Kxh7 b4 47. Kxg6 b3 48. h5 b2 49. h6 b1=Q+ 50. Kg7 Qb2+
51. Kf7 Qf6+ 52. Kg8 Ne7+ 53. Kh7 Qg6+ 54. Kh8 Qg8#
0-1

[Event "let's have"]
[Site "SchemingMind.com"]
[Date "2020.10.31"]
[Round "-"]
[White "cnile"]
[Black "Phillip Beckett"]
[Result "1-0"]
[WhiteCountry "SCO"]
[BlackCountry "ENG"]
[WhiteElo "1433"]
[WhiteRD "62"]
[BlackElo "1451"]
[BlackRD "50"]
[GameID "461565"]

1. e4 e5 2. f4 Qh4+ 3. g3 Qe7 4. Qf3 exf4 5. Qxf4 d5 6. Bg2 dxe4 7. Bxe4 Nf6 8. Nc3 Nxe4 9. Qxe4 Qxe4+ 10. Nxe4 Bf5
11. d3 Bxe4 12. dxe4 Bb4+ 13. c3 Be7 14. Nf3 Nc6 15. Bf4 O-O-O 16. O-O Bf6 17. Rad1 Rhe8 18. e5 Nxe5 19. Nxe5 Bxe5 20. Rxd8+ Kxd8
21. Bxe5 Rxe5 22. Rxf7 Re7 23. Rf2 Re1+ 24. Kg2 Re7 25. Rd2+ Rd7 26. Rxd7+ Kxd7 27. Kf3 Ke6 28. Ke4 c5 29. c4 a6 30. a3 b5
31. cxb5 axb5 32. g4 g5 33. b3 c4 34. bxc4 bxc4 35. Kd4 c3 36. Kxc3 Kd5 37. Kd3 Kc5 38. Ke4
1-0

[Event "let's have"]
[Site "SchemingMind.com"]
[Date "2020.11.01"]
[Round "-"]
[White "Phillip Beckett"]
[Black "cnile"]
[Result "1/2-1/2"]
[WhiteCountry "ENG"]
[BlackCountry "SCO"]
[WhiteElo "1440"]
[WhiteRD "48"]
[BlackElo "1445"]
[BlackRD "63"]
[GameID "461566"]

1. e4 e5 2. f4 exf4 3. Nf3 g5 4. Bc4 d6 5. O-O Bg7 6. d4 h6 7. c3 Nf6 8. Qb3 O-O 9. e5 dxe5 10. dxe5 Ng4
11. h3 Nxe5 12. Nxe5 Bxe5 13. Rd1 Qf6 14. Nd2 Nc6 15. Nf3 Na5 16. Qa4 Nxc4 17. Qxc4 Be6 18. Qe2 Rfd8 19. Bd2 c6 20. Qxe5 Qe7
21. Nd4 c5 22. Nxe6 b6 23. Bxf4 Rxd1+ 24. Rxd1 gxf4 25. Rd6 fxe6 26. Qxe6+ Qxe6 27. Rxe6 Kg7 28. Kf2 b5 29. Re4 a5 30. Rxf4 b4
31. cxb4 cxb4 32. Rf5 a4 33. Rf4 Rb8 34. Rc4 Rb6 35. Rc7+ Kg6 36. Kf3 h5 37. Rc4 a3 38. b3 Rb5 39. g4 Kg5 40. gxh5 Kxh5
41. h4 Kg6 42. Kg4 Rb6 43. h5+ Kh6 44. Rc5 Rb7 45. Rc6+ Kh7 46. h6 Re7 47. Rb6 Rd7 48. Rxb4 Kxh6 49. Ra4 Rd2 50. Rxa3 Kg6
51. Ra6+ Kf7 52. Kf5 Ke7 53. b4 Rb2 54. a3 Kd7 55. Ra5 Kc6 56. b5+ Kb6 57. Ra8 Rxb5+ 58. Ke4 Ra5 59. Rxa5 Kxa5 60. Kd4=
1/2-1/2

[Event "let's have"]
[Site "SchemingMind.com"]
[Date "2020.10.29"]
[Round "-"]
[White "Phillip Beckett"]
[Black "ray winteringham"]
[Result "0-1"]
[WhiteCountry "ENG"]
[BlackCountry "ENG"]
[WhiteElo "1502"]
[WhiteRD "53"]
[BlackElo "1523"]
[BlackRD "48"]
[GameID "461567"]

1. e4 e5 2. f4 exf4 3. Nf3 d5 4. exd5 Qxd5 5. Qe2+ Be7 6. Nc3 Qd8 7. d4 Bg4 8. h3 Bxf3 9. gxf3 Qxd4 10. Bd2 Nf6
11. O-O-O Nh5 12. Kb1 Ng3 13. Qb5+ c6 14. Qxb7 Qb6 15. Qxa8 Nxh1 16. Bxf4 O-O 17. Na4 Qb4 18. b3 Qxf4 19. Bd3 Qxf3 20. Rc1 Nf2
21. Rf1 Bh4 22. Qxa7 Rd8 23. Qc5 Rxd3 24. cxd3 Qxd3+ 25. Ka1 Qxf1+ 26. Kb2 Nd3+ 27. Ka3 Nxc5
0-1

[Event "let's have"]
[Site "SchemingMind.com"]
[Date "2020.10.29"]
[Round "-"]
[White "ray winteringham"]
[Black "Phillip Beckett"]
[Result "1/2-1/2"]
[WhiteCountry "ENG"]
[BlackCountry "ENG"]
[WhiteElo "1523"]
[WhiteRD "48"]
[BlackElo "1502"]
[BlackRD "53"]
[GameID "461568"]

1. e4 e5 2. f4 Qh4+ 3. g3 Qe7 4. d3 exf4 5. Bxf4 d5 6. Bg2 dxe4 7. Ne2 Bg4 8. Bxe4 f5 9. Bxb7 Qb4+ 10. Qd2 Qxb7
11. Qe3+ Ne7 12. Rf1 Bxe2 13. Qxe2 Nc6 14. Qf3 O-O-O 15. b3 Nd4 16. Qf2 Ne6 17. Nd2 Nd5 18. O-O-O Ndxf4 19. gxf4 Ba3+ 20. Kb1 Nd4
21. Nc4 Bc5 22. Qg3 g6 23. Rde1 Rde8 24. Ne5 Qb4 25. Qg2 Qb7 26. Qg5 Ba3 27. Qf6 Qb4 28. Qa6+ Kd8 29. Qxa7 Rxe5 30. Rxe5 Qc3
31. Qxa3 Qxc2+ 32. Ka1 Qc3+ 33. Qb2 Nc2+ 34. Kb1 Na3+ 35. Ka1 Nc2+ 36. Kb1 Na3+=
1/2-1/2

[Event "let's have"]
[Site "SchemingMind.com"]
[Date "2020.11.20"]
[Round "-"]
[White "Steven DuCharme"]
[Black "cnile"]
[Result "1-0"]
[WhiteCountry "USA"]
[BlackCountry "SCO"]
[WhiteElo "1554"]
[WhiteRD "55"]
[BlackElo "1445"]
[BlackRD "63"]
[GameID "461989"]

1. e4 e5 2. f4 exf4 3. Bc4 Nf6 4. Nc3 d6 5. Nf3 h6 6. O-O g5 7. d4 Bg4 8. h3 Bg7 9. hxg4 Nc6 10. Nh2 Qe7
11. e5 dxe5 12. Nd5 Qd6 13. Nxf6+ Bxf6 14. dxe5 Qxd1 15. Rxd1 Bxe5 16. Nf3 Bd6 17. Bb5 O-O 18. Bxc6 bxc6 19. b3 Rab8 20. Bb2 Rfe8
21. a4 Rbd8 22. Ne5 Bc5+ 23. Kf1 Be3 24. Nxc6 Rxd1+ 25. Rxd1 Re6 26. Rd8+ Kh7 27. Rh8+ Kg6 28. Rg8+ Kh7 29. Rg7+ Kh8 30. Rxf7+ Kg8
31. Rxc7 Bb6 32. Rc8+ Kf7 33. Nd8+
1-0

[Event "let's have"]
[Site "SchemingMind.com"]
[Date "2020.11.20"]
[Round "-"]
[White "cnile"]
[Black "Steven DuCharme"]
[Result "0-1"]
[WhiteCountry "SCO"]
[BlackCountry "USA"]
[WhiteElo "1445"]
[WhiteRD "63"]
[BlackElo "1554"]
[BlackRD "55"]
[GameID "461990"]

1. e4 e5 2. f4 exf4 3. Nf3 d6 4. Bc4 Be6 5. Bxe6 fxe6 6. d4 g5 7. O-O g4 8. Bxf4 gxf3 9. Qxf3 Nf6 10. Nc3 Be7
11. Rad1 O-O 12. Qg3+ Kh8 13. Rf3 Nh5 14. Qf2 Nxf4 15. Rxf4 Rxf4 16. Qxf4 Qf8 17. Qg4 Qg8 18. Qh5 Nd7 19. a3 Qg6 20. Qxg6 hxg6
21. Ne2 Rf8 22. c4 a5 23. g3 Bg5 24. d5 Be3+ 25. Kg2 Rf2+ 26. Kh3 Rxe2 27. dxe6 Nf6 28. e5 dxe5 29. Rd8+ Kg7 30. e7 Bg1
31. g4 Rxh2+ 32. Kg3 Rxb2 33. e8=Q Nxe8 34. Rxe8 Bc5 35. Rxe5 Bd6
0-1

[Event "let's have"]
[Site "SchemingMind.com"]
[Date "2020.11.15"]
[Round "-"]
[White "Steven DuCharme"]
[Black "Phillip Beckett"]
[Result "1-0"]
[WhiteCountry "USA"]
[BlackCountry "ENG"]
[WhiteElo "1581"]
[WhiteRD "62"]
[BlackElo "1451"]
[BlackRD "50"]
[GameID "461991"]

1. e4 e5 2. f4 Qh4+ 3. g3 Qe7 4. f5 d5 5. Bg2 dxe4 6. Bxe4 c6 7. Nf3 Nf6 8. Qe2 Nbd7 9. d3 Nc5 10. O-O Ncxe4
11. dxe4 Qc5+ 12. Be3 Qb5 13. Qxb5 cxb5 14. Nxe5 Bd7 15. Nxd7 Nxd7 16. Nd2 Ne5 17. b3 Ng4 18. Bd4 f6 19. h3 Nh6 20. g4 Nf7
21. Rae1 Bb4 22. c3 Ba5 23. b4 Bb6 24. Nb3 Bxd4+ 25. Nxd4 a6 26. Ne6 Rg8 27. Nc7+ Ke7 28. Nxa8 Rxa8 29. h4 Rd8 30. Rd1 Ne5
31. Rxd8 Kxd8 32. g5 Ke7 33. Kg2 Nc4 34. Rd1
1-0

[Event "let's have"]
[Site "SchemingMind.com"]
[Date "2020.11.15"]
[Round "-"]
[White "Phillip Beckett"]
[Black "Steven DuCharme"]
[Result "0-1"]
[WhiteCountry "ENG"]
[BlackCountry "USA"]
[WhiteElo "1451"]
[WhiteRD "50"]
[BlackElo "1581"]
[BlackRD "62"]
[GameID "461992"]

1. e4 e5 2. f4 exf4 3. Nf3 b6 4. d4 Bb7 5. Nc3 Nf6 6. e5 Nd5 7. Bc4 Nxc3 8. bxc3 g5 9. O-O h6 10. Qd3 g4
11. Qf5 Qe7 12. Nh4 c5 13. Bxf4 Qxh4 14. Qxf7+ Kd8 15. g3 Qe7 16. Qxe7+ Bxe7 17. d5 Na6 18. d6 Bg5 19. e6 dxe6 20. Bxe6 Bf3
21. Rae1 Bxf4 22. gxf4 h5 23. f5 Rh6 24. d7 Nc7 25. Rf2 Nxe6 26. Rxe6 Rxe6 27. fxe6 Ke7 28. Rd2 Rd8 29. h3 Kxe6 30. hxg4 hxg4
31. Kf2 Rxd7
0-1

[Event "let's have"]
[Site "SchemingMind.com"]
[Date "2020.11.15"]
[Round "-"]
[White "Steven DuCharme"]
[Black "ray winteringham"]
[Result "1-0"]
[WhiteCountry "USA"]
[BlackCountry "ENG"]
[WhiteElo "1581"]
[WhiteRD "62"]
[BlackElo "1512"]
[BlackRD "49"]
[GameID "461993"]

1. e4 e5 2. f4 Nc6 3. Nf3 exf4 4. d4 d5 5. e5 Qe7 6. Bxf4 Bg4 7. Be2 g6 8. O-O Bg7 9. c3 Qd7 10. Nbd2 Nge7
11. Nb3 a6 12. Nc5 Qc8 13. Ng5 Bxe2 14. Qxe2 O-O 15. Rad1 b6 16. Nb3 Nd8 17. h3 c6 18. g4 h6 19. Nf3 Ne6 20. Be3 c5
21. Qd2 g5 22. h4 c4 23. Nc1 f6 24. hxg5 Nxg5 25. Nxg5 fxg5 26. Qg2 Ng6 27. Qxd5+ Kh7 28. e6 Ne7 29. Qe4+ Kh8 30. Rxf8+ Qxf8
31. Rf1 Qg8 32. Rf7 Rb8 33. Rxe7 b5 34. Bxg5 hxg5 35. Qh1+ Qh7 36. Qxh7+ Kxh7 37. Ra7 Kg6 38. Rxa6 Kf6 39. Ne2 Re8 40. Ng3 Bf8
41. Ne4+ Kg7 42. Nxg5 Be7 43. Ne4 Rd8 44. Rb6
1-0

[Event "let's have"]
[Site "SchemingMind.com"]
[Date "2020.11.15"]
[Round "-"]
[White "ray winteringham"]
[Black "Steven DuCharme"]
[Result "1-0"]
[WhiteCountry "ENG"]
[BlackCountry "USA"]
[WhiteElo "1512"]
[WhiteRD "49"]
[BlackElo "1581"]
[BlackRD "62"]
[GameID "461994"]

1. e4 e5 2. f4 d6 3. Nf3 Bg4 4. Bc4 Nf6 5. d3 Be7 6. O-O O-O 7. f5 Nbd7 8. Be3 Nb6 9. Bb3 a5 10. a4 c5
11. h3 Bxf3 12. Rxf3 Rc8 13. Nd2 d5 14. g4 d4 15. Bg5 h6 16. Bxf6 Bxf6 17. Bc4 Nxc4 18. Nxc4 b6 19. c3 Bg5 20. Nxe5 f6
21. Ng6 Rf7 22. Qb3 Be3+ 23. Kg2 Qc7 24. Rff1 c4 25. dxc4 Qxc4 26. Qxc4 Rxc4 27. Rfd1 Rd7 28. e5 fxe5 29. Nxe5 Rdc7 30. Nxc4 Rxc4
31. cxd4 Bxd4 32. Rab1 Rxa4 33. Kf3 Kf7 34. Re1 Rb4 35. b3 Bf6 36. Re4 Rb5 37. Ra4 Rc5 38. b4 Rc3+ 39. Kg2 axb4 40. Raxb4 Rc2+
41. Kh1 Rc6 42. Rxb6 Rxb6 43. Rxb6 Kg8 44. Kg2 Kh7 45. Kg3 Kg8 46. Kf3 Kh7 47. Ke4 Bg5 48. Kd5 Kg8 49. Ke6 Kh7 50. Kf7
1-0

[Event "let's have"]
[Site "SchemingMind.com"]
[Date "2020.11.24"]
[Round "-"]
[White "Steven DuCharme"]
[Black "Kenny Elliott"]
[Result "1-0"]
[WhiteCountry "USA"]
[BlackCountry "USA"]
[WhiteElo "1581"]
[WhiteRD "62"]
[BlackElo "1574"]
[BlackRD "60"]
[GameID "462400"]

1. e4 e5 2. f4 exf4 3. Bc4 Qh4+ 4. Kf1 Bc5 5. d4 Bb6 6. Nf3 Qh6 7. Ne5 d5 8. Bxd5 Be6 9. Ng4 Bxg4 10. Qxg4 Nd7
11. Bxf4 Qf6 12. e5 Qd8 13. Qxg7 c6 14. Qxf7#
1-0

[Event "let's have"]
[Site "SchemingMind.com"]
[Date "2020.11.25"]
[Round "-"]
[White "Kenny Elliott"]
[Black "Steven DuCharme"]
[Result "0-1"]
[WhiteCountry "USA"]
[BlackCountry "USA"]
[WhiteElo "1574"]
[WhiteRD "60"]
[BlackElo "1581"]
[BlackRD "62"]
[GameID "462401"]

1. e4 e5 2. f4 d6 3. Nf3 Bg4 4. Be2 Nf6 5. Nc3 Be7 6. d3 Bxf3 7. Bxf3 h5 8. fxe5 dxe5 9. Bd2 Nbd7 10. Qe2 a6
11. O-O-O g6 12. Nd5 c6 13. Nxe7 Qxe7 14. Kb1 O-O-O 15. Bg5 Nf8 16. g4 Ne6 17. Bxf6 Qxf6 18. Rhf1 Nf4 19. gxh5 Nxe2 20. Bxe2 Qg7
21. Bg4+ Kc7 22. hxg6 Qxg6 23. h3 Rd6 24. Rf5 f6 25. Rh1 Qxg4
0-1

[Event "let's have"]
[Site "SchemingMind.com"]
[Date "2020.11.26"]
[Round "-"]
[White "Kenny Elliott"]
[Black "cnile"]
[Result "1-0"]
[WhiteCountry "USA"]
[BlackCountry "SCO"]
[WhiteElo "1574"]
[WhiteRD "60"]
[BlackElo "1433"]
[BlackRD "62"]
[GameID "462402"]

1. e4 e5 2. f4 exf4 3. Nf3 g5 4. h3 h6 5. d4 d6 6. Nc3 Bg7 7. Qe2 Nc6 8. e5 dxe5 9. d5 Nb4 10. Qb5+ Bd7
11. Qxb4 Qe7 12. Qxb7 Qd8 13. Bb5 Ne7 14. Bxd7+ Kf8 15. Bc6 Nxc6 16. Qxc6 Rb8 17. Qc5+ Qd6 18. Qxd6+ cxd6 19. O-O Ke7 20. Ne4 Rhd8
21. b3
1-0

[Event "let's have"]
[Site "SchemingMind.com"]
[Date "2020.11.26"]
[Round "-"]
[White "cnile"]
[Black "Kenny Elliott"]
[Result "0-1"]
[WhiteCountry "SCO"]
[BlackCountry "USA"]
[WhiteElo "1445"]
[WhiteRD "63"]
[BlackElo "1562"]
[BlackRD "54"]
[GameID "462403"]

1. e4 e5 2. f4 Bc5 3. Nf3 exf4 4. d4 Bb6 5. Bxf4 d6 6. Nc3 Bg4 7. Bc4 Bxf3 8. gxf3 Qf6 9. Be3 Nc6 10. Nd5 Ba5+
11. c3 Qh4+ 12. Ke2 Nge7 13. b4 Nxd5 14. Bxd5 Bxb4 15. Bxc6+ bxc6 16. cxb4 O-O 17. Rc1 c5 18. dxc5 dxc5 19. Rxc5 Rfd8 20. Qc2 Qh3
21. Kf2 Qh4+ 22. Ke2 Qh3 23. Kf2 Qh4+ 24. Ke2 Qh3 25. Rd5 Qg2+ 26. Kd3 Qxh1 27. Kc3 Rxd5 28. exd5 Qxf3 29. Qd2 Re8 30. Kd4 Re4+
31. Kd3 Qf1+ 32. Kc3 Qc4+ 33. Kb2 Qb5 34. Qc3 Rxb4+
0-1

[Event "let's have"]
[Site "SchemingMind.com"]
[Date "2020.11.25"]
[Round "-"]
[White "Kenny Elliott"]
[Black "Phillip Beckett"]
[Result "1-0"]
[WhiteCountry "USA"]
[BlackCountry "ENG"]
[WhiteElo "1574"]
[WhiteRD "60"]
[BlackElo "1451"]
[BlackRD "50"]
[GameID "462404"]

1. e4 e5 2. f4 Qh4+ 3. g3 Qe7 4. d3 exf4 5. Bxf4 d5 6. e5 f6 7. Nf3 fxe5 8. Bd2 e4 9. dxe4 Qxe4+ 10. Be2 Bg4
11. O-O Bc5+ 12. Kh1 c6 13. Nc3 Qe6 14. Ng1 Bxe2 15. Ngxe2 Nf6 16. Re1 O-O 17. Nf4 Qd7 18. Ne6 Bd6 19. Nxf8 Kxf8 20. Rf1 Na6
21. Bg5 Be7 22. Bxf6 Bxf6 23. Ne4 Qe6 24. Nxf6 gxf6 25. Qd4 Kg7 26. Rae1 Qd6 27. Qg4+ Kh8 28. Re6 Qc5 29. Rfe1 Rg8 30. Re8
1-0

[Event "let's have"]
[Site "SchemingMind.com"]
[Date "2020.11.24"]
[Round "-"]
[White "Phillip Beckett"]
[Black "Kenny Elliott"]
[Result "0-1"]
[WhiteCountry "ENG"]
[BlackCountry "USA"]
[WhiteElo "1451"]
[WhiteRD "50"]
[BlackElo "1574"]
[BlackRD "60"]
[GameID "462405"]

1. e4 e5 2. f4 exf4 3. Nf3 Bc5 4. d4 Bb6 5. c3 d6 6. Bxf4 Bg4 7. h3 Bh5 8. Bc4 Nf6 9. O-O O-O 10. Nbd2 d5
11. exd5 Nxd5 12. Bg5 Qd6 13. Bxd5 Qxd5 14. g4 Bg6 15. Bh4 Nc6 16. Qb3 Qd7 17. Rae1 h5 18. Ng5 hxg4 19. Nde4 gxh3 20. Nc5 Qg4+
21. Kh2 Qg2#
0-1

[Event "let's have"]
[Site "SchemingMind.com"]
[Date "2020.11.25"]
[Round "-"]
[White "Kenny Elliott"]
[Black "ray winteringham"]
[Result "1-0"]
[WhiteCountry "USA"]
[BlackCountry "ENG"]
[WhiteElo "1574"]
[WhiteRD "60"]
[BlackElo "1512"]
[BlackRD "49"]
[GameID "462406"]

1. e4 e5 2. f4 exf4 3. Nf3 Bc5 4. d4 Bb6 5. Bc4 Ne7 6. Bxf4 h6 7. Nc3 d6 8. Qd2 O-O 9. e5 d5 10. Bb3 c6
11. O-O-O Be6 12. Bxh6 gxh6 13. Qxh6 Nf5 14. Qh5 f6 15. exf6 Qxf6 16. Ng5 Qh6 17. Qxh6 Nxh6 18. Nxe6 Re8 19. Nf4 Ng4 20. Rhe1 Nd7
21. Nfxd5 Nxh2 22. Nxb6+ Kf8 23. Nxa8 Rxa8 24. Rh1
1-0

[Event "let's have"]
[Site "SchemingMind.com"]
[Date "2020.11.24"]
[Round "-"]
[White "ray winteringham"]
[Black "Kenny Elliott"]
[Result "0-1"]
[WhiteCountry "ENG"]
[BlackCountry "USA"]
[WhiteElo "1523"]
[WhiteRD "48"]
[BlackElo "1534"]
[BlackRD "61"]
[GameID "462407"]

1. e4 e5 2. f4 Bc5 3. d3 Nc6 4. Bd2 Bxg1 5. Rxg1 Qh4+ 6. g3 Qe7 7. Bg2 d6 8. Nc3 Nf6 9. f5 Bd7 10. a3 O-O-O
11. Qe2 g6 12. g4 gxf5 13. gxf5 Nd4 14. Qd1 Ng4 15. h3 Qh4+ 16. Kf1 Nh2#
0-1

[Event "let's have"]
[Site "SchemingMind.com"]
[Date "2020.11.30"]
[Round "-"]
[White "Steven DuCharme"]
[Black "Brerrabbit"]
[Result "1-0"]
[WhiteCountry "USA"]
[BlackCountry "SCO"]
[WhiteElo "1581"]
[WhiteRD "62"]
[BlackElo "1349"]
[BlackRD "94"]
[GameID "462588"]

1. e4 e5 2. f4 Bc5 3. Nf3 d6 4. d4 Bb4+ 5. c3 Ba5 6. b4 Bb6 7. dxe5 Qe7 8. a4 a5 9. b5 Nd7 10. Ba3 Nc5
11. Bxc5 Bxc5 12. Bc4 Be6 13. Qd3 Qd7 14. f5 Bxc4 15. Qxc4 b6 16. Ke2 Rc8 17. e6 Qe7 18. exf7+ Qxf7 19. Qxf7+ Kxf7 20. Nbd2 Nf6
21. Ng5+ Ke7 22. Ne6 Ng4 23. Nc4 Nf2 24. Rhf1 g6 25. Nxc5
1-0

[Event "let's have"]
[Site "SchemingMind.com"]
[Date "2020.12.02"]
[Round "-"]
[White "Brerrabbit"]
[Black "Steven DuCharme"]
[Result "1-0"]
[WhiteCountry "SCO"]
[BlackCountry "USA"]
[WhiteElo "1348"]
[WhiteRD "88"]
[BlackElo "1554"]
[BlackRD "55"]
[GameID "462589"]

1. e4 e5 2. f4 exf4 3. Nf3 g5 4. h4 g4 5. Ne5 h5 6. Bc4 Nh6 7. d4 d6 8. Nd3 Qe7 9. Nd2 g3 10. Nxf4 Bg4
11. Nf3 Qxe4+ 12. Qe2 Bxf3 13. gxf3 Qxe2+ 14. Nxe2 Nf5 15. Bg5 Be7 16. Bf4 Nxh4 17. O-O-O Nxf3 18. d5 Bg5 19. Bxg5 Nxg5 20. Nxg3 h4
21. Rde1+ Kf8 22. Nf5 Nf3 23. Re3 Ne5 24. Bd3 Nxd3+ 25. Rxd3 Nd7 26. Nxh4 Re8 27. Ng6+ fxg6 28. Rxh8+ Kf7 29. Rf3+
1-0

[Event "let's have"]
[Site "SchemingMind.com"]
[Date "2020.11.30"]
[Round "-"]
[White "Brerrabbit"]
[Black "Kenny Elliott"]
[Result "0-1"]
[WhiteCountry "SCO"]
[BlackCountry "USA"]
[WhiteElo "1349"]
[WhiteRD "94"]
[BlackElo "1574"]
[BlackRD "60"]
[GameID "462590"]

1. e4 e5 2. f4 Bc5 3. Nf3 d6 4. c3 Bg4 5. Be2 Nf6 6. d4 exd4 7. cxd4 Bb4+ 8. Bd2 Bxd2+ 9. Nbxd2 O-O 10. Qc2 Bxf3
11. Bxf3 Nbd7 12. O-O-O c6 13. g4 Rc8 14. g5 Ne8 15. h4 c5 16. Nc4 b5 17. Ne3 cxd4
0-1

[Event "let's have"]
[Site "SchemingMind.com"]
[Date "2020.11.30"]
[Round "-"]
[White "Kenny Elliott"]
[Black "Brerrabbit"]
[Result "1-0"]
[WhiteCountry "USA"]
[BlackCountry "SCO"]
[WhiteElo "1574"]
[WhiteRD "60"]
[BlackElo "1349"]
[BlackRD "94"]
[GameID "462591"]

1. e4 e5 2. f4 Bc5 3. Nf3 d6 4. Nc3 Nf6 5. Be2 Nc6 6. f5 b6 7. d3 Ng4 8. d4 Bxd4 9. Nxd4 Nxd4 10. Bxg4 Bb7
11. O-O f6 12. Be3 d5 13. exd5 Qd7 14. Bxd4 exd4 15. Re1+ Kd8 16. Qxd4 Rc8 17. Re6
1-0

[Event "let's have"]
[Site "SchemingMind.com"]
[Date "2020.11.30"]
[Round "-"]
[White "Brerrabbit"]
[Black "cnile"]
[Result "1-0"]
[WhiteCountry "SCO"]
[BlackCountry "SCO"]
[WhiteElo "1354"]
[WhiteRD "80"]
[BlackElo "1387"]
[BlackRD "62"]
[GameID "462592"]

1. e4 e5 2. f4 exf4 3. Nf3 g5 4. h4 f6 5. Bc4 h6 6. d4 Ne7 7. Nbd2 d5 8. exd5 Bg7 9. d6 Qxd6 10. Qe2 Bg4
11. d5 Nd7 12. Nb3 O-O-O 13. Bd2 Kb8 14. h5 Nf5 15. O-O-O Rhe8 16. Qf2 Ng3 17. Rhe1 Bxh5 18. a3 Nf5 19. Bb4 c5 20. Bxc5 Qc7
21. d6 Qc6 22. Rg1 Nxc5 23. Nxc5 Rxd6 24. Rd3 Rxd3 25. Bxd3 Ne3 26. b4 Qa4 27. c3 Qxa3+ 28. Qb2 Qxb2+ 29. Kxb2 Bf7 30. Ra1 Nc4+
31. Kc2 Ne3+ 32. Kd2 Bf8 33. Nd7+ Ka8 34. Nxf8 Rxf8 35. Rh1 Nxg2 36. Rxh6 Bb3 37. Nd4 Ba4 38. Ne6 Rg8 39. Bc4 Kb8 40. Nc5 Bc6
41. Bxg8 f3 42. Rxf6 g4 43. Ne6 g3 44. Rf8+ Be8 45. Rxe8#
1-0

[Event "let's have"]
[Site "SchemingMind.com"]
[Date "2020.12.01"]
[Round "-"]
[White "cnile"]
[Black "Brerrabbit"]
[Result "1-0"]
[WhiteCountry "SCO"]
[BlackCountry "SCO"]
[WhiteElo "1445"]
[WhiteRD "63"]
[BlackElo "1348"]
[BlackRD "88"]
[GameID "462593"]

1. e4 e5 2. f4 Bc5 3. Nf3 d6 4. Nc3 Nf6 5. d3 Bg4 6. fxe5 dxe5 7. Bg5 Nbd7 8. Qd2 h6 9. Bh4 Qe7 10. Nd5 Qd6
11. Be2 O-O-O 12. O-O-O Be6 13. h3 c6 14. Rdf1 cxd5 15. Kb1 Qb6 16. Qc3 d4 17. Qd2 Ba3 18. b3 Bb4 19. Qd1 Ne8 20. Bxd8 Kxd8
21. Nd2 f6 22. Ka1 Bc3+ 23. Kb1 Nc5 24. Kc1 Qa6 25. Nb1 Qxa2 26. Nxc3 Bxb3 27. Nxa2
1-0

[Event "let's have"]
[Site "SchemingMind.com"]
[Date "2020.11.30"]
[Round "-"]
[White "Brerrabbit"]
[Black "Phillip Beckett"]
[Result "1-0"]
[WhiteCountry "SCO"]
[BlackCountry "ENG"]
[WhiteElo "1349"]
[WhiteRD "94"]
[BlackElo "1451"]
[BlackRD "50"]
[GameID "462594"]

1. e4 e5 2. f4 Qh4+ 3. g3 Qe7 4. Nf3 exf4 5. Nc3 d5 6. d3 dxe4 7. dxe4 fxg3 8. hxg3 Bg4 9. Be2 Nc6 10. Bg5 f6
11. Be3 Bxf3 12. Bxf3 Rd8 13. Qe2 Qb4 14. Rb1 Bc5 15. O-O Bxe3+ 16. Qxe3 Qd4 17. Qxd4 Nxd4 18. Bg4 Nxc2 19. Nd5 Nd4 20. Rbe1 c6
21. Nc7+ Kf8 22. e5 f5 23. e6 Nxe6 24. Nxe6+ Ke7 25. Bxf5 Rd6 26. Nc7+ Kd8 27. Ne6+
1-0

[Event "let's have"]
[Site "SchemingMind.com"]
[Date "2020.11.30"]
[Round "-"]
[White "Phillip Beckett"]
[Black "Brerrabbit"]
[Result "1-0"]
[WhiteCountry "ENG"]
[BlackCountry "SCO"]
[WhiteElo "1451"]
[WhiteRD "50"]
[BlackElo "1349"]
[BlackRD "94"]
[GameID "462595"]

1. e4 e5 2. f4 Bc5 3. Nf3 d6 4. Bc4 Nf6 5. fxe5 Nxe4 6. d4 Bb4+ 7. c3 Ba5 8. exd6 Nxd6 9. Bb3 Bf5 10. Bf4 Nd7
11. O-O Qe7 12. Re1 Be4 13. Nbd2 O-O-O 14. Bxd6 Bxf3 15. Bxe7 Bxd1 16. Bxd8 Bh5 17. Nc4 Bb6 18. Bh4 c5 19. Nd6+ Kb8 20. Re8+
1-0

[Event "let's have"]
[Site "SchemingMind.com"]
[Date "2020.11.30"]
[Round "-"]
[White "Brerrabbit"]
[Black "ray winteringham"]
[Result "0-1"]
[WhiteCountry "SCO"]
[BlackCountry "ENG"]
[WhiteElo "1349"]
[WhiteRD "94"]
[BlackElo "1512"]
[BlackRD "49"]
[GameID "462596"]

1. e4 e5 2. f4 exf4 3. Nf3 Bc5 4. d4 Bb6 5. Bc4 d6 6. O-O Be6 7. Bxf4 Bxc4 8. Re1 Nf6 9. Nfd2 Ba6 10. Nc3 Bxd4+
11. Kh1 Bxc3 12. bxc3 Nbd7 13. e5 dxe5 14. Bxe5 O-O 15. Re3 Ng4 16. Qxg4 Nxe5 17. Rxe5 Qxd2 18. Rd1 Qxc3 19. Red5 Qxc2 20. h3 Be2
0-1

[Event "let's have"]
[Site "SchemingMind.com"]
[Date "2020.11.30"]
[Round "-"]
[White "ray winteringham"]
[Black "Brerrabbit"]
[Result "1-0"]
[WhiteCountry "ENG"]
[BlackCountry "SCO"]
[WhiteElo "1512"]
[WhiteRD "49"]
[BlackElo "1349"]
[BlackRD "94"]
[GameID "462597"]

1. e4 e5 2. f4 Bc5 3. d3 d6 4. f5 Nf6 5. Bg5 Bxg1 6. Rxg1 g6 7. Qf3 Nc6 8. c3 h6 9. Bxf6 Qxf6 10. fxg6 Qxg6
11. Be2 h5 12. Nd2 Bg4 13. Qf2 f5 14. O-O-O O-O-O 15. h3 Bxe2 16. Qxe2 d5 17. exd5 Rxd5 18. Nb3 Qg5+ 19. Kb1 Rhd8 20. Rgf1 a5
21. a4 b5 22. d4 f4 23. axb5 Ne7 24. c4 R5d6 25. Nxa5 Rxd4 26. c5 Ra4 27. Rxd8+ Kxd8 28. Nb7+ Kc8 29. c6 Nd5 30. Rd1 Nb4
31. Rd8+
1-0

[Event "let's have"]
[Site "SchemingMind.com"]
[Date "2020.12.02"]
[Round "-"]
[White "Steven DuCharme"]
[Black "kenneth m day"]
[Result "0-1"]
[WhiteCountry "USA"]
[BlackCountry "USA"]
[WhiteElo "1554"]
[WhiteRD "55"]
[BlackElo "1707"]
[BlackRD "52"]
[GameID "462727"]

1. e4 e5 2. f4 exf4 3. Bc4 Nc6 4. d4 Nf6 5. Bxf4 Nxe4 6. Qe2 d5 7. Bb5 Bd7 8. Nf3 Be7 9. O-O O-O 10. Bxc6 Bxc6
11. Nbd2 a6 12. Rac1 Re8 13. c4 Rc8 14. Ne5 Bd6 15. Nxc6 bxc6 16. Bxd6 Nxd6 17. Qd3 Qg5 18. Nf3 Qh5 19. cxd5 cxd5 20. b3 Nb5
21. a4 Nd6 22. Qxa6 Ne4 23. Qd3 h6 24. Ne5 f6 25. Nc6 Qf7 26. Ne5 Qe6 27. Rc6 Qe7 28. Ng6 Qd7 29. Rfc1 Qf5 30. Qb5 Qxg6
31. Qxd5+ Kh7 32. Rxc7 Rxc7 33. Rxc7 Qg4 34. Rc1 Qe2 35. Qf5+ Kh8 36. Qf4 Ng5 37. h4 Nf7 38. Rc7 Kg8 39. Qf3 Qe1+ 40. Qf1 Qxh4
41. Rc1 Qxd4+ 42. Kh1 Re5 43. Rc8+ Kh7 44. Qb1+ g6 45. g4 Qxg4 46. Rc4 Rh5#
0-1